L'Ismé (Record no. 3520)

MARC details
000 -LEADER
fixed length control field 00591cam a22002171 4500
001 - CONTROL NUMBER
control field af 47006393
003 - CONTROL NUMBER IDENTIFIER
control field DLC
005 - DATE AND TIME OF LATEST TRANSACTION
control field 20260227110837.0
008 - FIXED-LENGTH DATA ELEMENTS--GENERAL INFORMATION
fixed length control field 821027s1941 sz c 000 0 fre c
010 ## - LIBRARY OF CONGRESS CONTROL NUMBER
LC control number af 47006393
035 ## - SYSTEM CONTROL NUMBER
System control number (OCoLC)8897371
040 ## - CATALOGING SOURCE
Original cataloging agency Chicago. Univ. Library
Transcribing agency ViU
Modifying agency DLC
042 ## - AUTHENTICATION CODE
Authentication code premarc
050 00 - LIBRARY OF CONGRESS CALL NUMBER
Classification number PQ2615.O26
Item number I8 1941
082 ## - DEWEY DECIMAL CLASSIFICATION NUMBER
Classification number 843.91
100 1# - MAIN ENTRY--PERSONAL NAME
Personal name Hofer, Cilette,
Dates associated with a name 1891-1964.
245 12 - TITLE STATEMENT
Title L'Ismé
Statement of responsibility, etc. [par] Cilette Ofaire [pseud.]
250 ## - EDITION STATEMENT
Edition statement Éd. ne varietur.
260 ## - PUBLICATION, DISTRIBUTION, ETC.
Place of publication, distribution, etc. Lausanne,
Name of publisher, distributor, etc. Guilde du livre
Date of publication, distribution, etc. [1941?]
300 ## - PHYSICAL DESCRIPTION
Extent 462 p.
Other physical details port.
Dimensions 22 cm.

No items available.

Powered by Koha